000 00591nam a2200217Ia 4500
003 GCL
008 140319s9999 xx 000 0 ara d
040 _aGCL /
_cGCL
082 0 4 _a921
_bع ك
100 1 _aعاطف وصفى
245 1 0 _aكوندرسية /
_cعاطف وصفى
260 _a[S.N] :
_bدار المعارف ،
_c1987
300 _a133 ص
490 _aنوابغ الفكر الغربى
_v0
650 0 4 _aفرنسا
650 0 4 _aالفلسفة
650 0 4 _aالادب الفرنسى
650 0 4 _aالتراجم
650 0 4 _aكوندرسية
942 _2ddc
_cBK
999 _c28444
_d28444